000 01153cab a22002295a 4500
001 L155908
008 120420e2012 xxk 000 0 eng d
035 _a(Sirsi) u155908
041 0 _aeng
100 1 _aEade, Christine
245 0 0 _aMarkets
_bHampshire, Dorset and Wiltshire
260 _c2012
490 0 _aProperty Week
_v78(16) 20 April 2012, 55- 60(4)
520 _aTwo developers are planning cinemas for 30 000 population Trowbridge which currently has no cinema. Low office take-up in Southampton city centre prompts rethink by developer to submit planning application for student accommodation. Examines the future of three of the region's shopping centres: Dolphin centre, Poole; Eastleigh's Swan Centre; and Whiteley Village near the M27 and Fareham. MEPC and Muse Developments work hard to enliven Basingstoke's Chineham Park and Basing View offices. £65m of infrastructure work has begun on Newlands, Grainger's new village at Waterlooville.
590 _aKA
651 4 _aHampshire
651 4 _aWiltshire
651 4 _aDorset
690 _aCommercial property
_96227
690 _aResidential property
_96266
942 _n0
999 _c83930
_d83930